Qualitative data analysis with ATLAS.ti (Record no. 79881)
[ view plain ]
| 000 -LEADER | |
|---|---|
| fixed length control field | 00803nam a2200169 a 4500 |
| 008 - FIXED-LENGTH DATA ELEMENTS--GENERAL INFORMATION | |
| fixed length control field | 211117s2012 ||||||||||||||||| || u |
| 020 ## - INTERNATIONAL STANDARD BOOK NUMBER | |
| International Standard Book Number | 9781446282045 |
| 050 ## - LIBRARY OF CONGRESS CALL NUMBER | |
| Classification number | Q 180.55 Fri |
| 100 ## - MAIN ENTRY--PERSONAL NAME | |
| Personal name | Friese, Susanne |
| 245 10 - TITLE STATEMENT | |
| Title | Qualitative data analysis with ATLAS.ti |
| Statement of responsibility, etc. | by Susanne Friese |
| 260 ## - PUBLICATION, DISTRIBUTION, ETC. | |
| Place of publication, distribution, etc. | London |
| Name of publisher, distributor, etc. | SAGE Publications |
| Date of publication, distribution, etc. | 2012 |
| 300 ## - PHYSICAL DESCRIPTION | |
| Extent | xi, 274 pages : illustrations |
| 650 ## - SUBJECT ADDED ENTRY--TOPICAL TERM | |
| Topical term or geographic name entry element | ATLAS.ti (COMPUTER FILE) |
| 650 ## - SUBJECT ADDED ENTRY--TOPICAL TERM | |
| Topical term or geographic name entry element | QUALITATIVE RESEARCH--DATA PROCESSING |
| 995 ## - | |
| -- | MAIN LIBRARY OPEN ACCESS |
| -- | 751315 |
| -- | CBU-MAIN LIBRARY (Kitwe) |
| -- | 148.47 |
| -- | Q 180.55 Fri |
| -- | 1 |
| -- | AVAILABLE |
| -- | Nov 17, 2021 |
| -- | 751315 |
| -- | Main Library Open Access Collection |
| 995 ## - | |
| -- | MAIN LIBRARY OPEN ACCESS |
| -- | 751316 |
| -- | CBU-MAIN LIBRARY (Kitwe) |
| -- | 148.47 |
| -- | Q 180.55 Fri |
| -- | 2 |
| -- | AVAILABLE |
| -- | Nov 17, 2021 |
| -- | 751316 |
| -- | Main Library Open Access Collection |
| 999 ## - | |
| -- | 79881 |
| -- | 79881 |
| Withdrawn status | Lost status | Source of classification or shelving scheme | Damaged status | Not for loan | Permanent Location | Current Location | Shelving location | Date acquired | Total Checkouts | Full call number | Barcode | Date last seen | Copy number | Price effective from | Koha item type |
|---|---|---|---|---|---|---|---|---|---|---|---|---|---|---|---|
| CBU-MAIN LIBRARY, KITWE. | CBU-MAIN LIBRARY, KITWE. | 06/29/2023 | Q 180.55 Fri | 751315 | 06/29/2023 | 1 | 06/29/2023 | MONOGRAPH | |||||||
| CBU-MAIN LIBRARY, KITWE. | CBU-MAIN LIBRARY, KITWE. | 06/29/2023 | Q 180.55 Fri | 751316 | 06/29/2023 | 2 | 06/29/2023 | MONOGRAPH |